Statistics for Romance Anime Quiz

Click here to take the quiz!

General Stats

  • This quiz has been taken 790 times
  • The average score is 6 of 27

Answer Stats

HintAnswer% Correct
Love and a Host ClubOuran High School Host Club
76%
Love and many piano recitalsYour Lie in April
69%
Love and maidsMaid-Sama
60%
Love and the zodiacFruits Basket
55%
Love and Vampires (again)Vampire Knight
52%
Love and a Land GodKamisama Kiss
36%
Love and dangoClannad
34%
Love and a really huge guyMy Love Story
34%
Love and AmnesiaAmnesia
32%
Love and many brothersBrother's Conflict
32%
Love and vampiresDiabolik Lovers
29%
Love and A rumble at schoolSchool Rumble
25%
Love and DevilsDance With Devils
16%
Love and secret serviceInu X Boku SS
15%
Love and girls with the same nameNANA
15%
Love and a cat named MarshmallowSay I Love You
14%
Love and jellyfishPrincess Jellyfish
13%
Love and the seaA Lull in the Sea
9%
Love and a computer ladyChobits
6%
Love and GodsKamigami No Asobi
6%
Love and music schoolUta no Prince-Sama
6%
Love and 60's JazzKids On The Slope
3%
Love and MASA!!!My Bride is a Mermaid
3%
Love and aliensDearS
2%
Love and AngelsHeaven's Lost Property
2%
Love and Creatures of the LightThe Wallflower
2%
Love and samuraiHakuouki
1%

Score Distribution

Percentile by Number Answered

Percent of People with Each Score

Your Score History

You have not taken this quiz